| 000 | 01354nam0a2200349 4500 | ||
|---|---|---|---|
| 001 | RU\NLR\bibl\104770 | ||
| 005 | 20250617085105.0 | ||
| 021 |
_aRU _b2000-24460 _91157 |
||
| 035 | _a(NLR Aleph) 000102510 | ||
| 090 |
_a579339 _c579339 |
||
| 100 | _a20000822d2000 |||y0rusy50 ca | ||
| 101 | 0 |
_arus _deng |
|
| 102 | _aRU | ||
| 105 | _aa ||||||||| | ||
| 200 | 1 |
_aДвухполосный конвертор модульной РСДБ-системы преобразования сигналов _fС.Д. Климов, Н.Е. Кольцов, Н.Г. Лубешкин, Л.В. Федотов |
|
| 210 |
_aСПб. _cИПА _d2000 |
||
| 215 |
_a26 с. _cил. _d20 |
||
| 225 | 1 |
_aСообщения ИПА РАН _fРос. акад. наук, Ин-т прикл. астрономии _vN 134 |
|
| 300 | _aРез. на англ. яз. | ||
| 320 | _aБиблиогр. в конце кн.(13 назв.) | ||
| 606 | 0 |
_aРСДБ-процессоры _xКонвекторы _92175071 _3RU\NLR\auth\661308172 |
|
| 686 | _aВ640с0 | ||
| 701 | 1 |
_aКлимов _bС. Д. _4070 |
|
| 701 | 1 |
_aКольцов _bН. Е. _4070 |
|
| 701 | 1 |
_aЛубешкин _bН. Г. _4070 |
|
| 701 | 1 |
_aФедотов _bЛ. В. _4070 |
|
| 801 | 0 |
_aRU _bNLR _c20000822 _gPSBO |
|
| 801 | 1 |
_aRU _bNLR _c20000822 |
|
| 852 |
_aNLR _j2000-4/4244 |
||
| 942 | _cBOOK | ||
| 980 | _aNB | ||